| 000 | 00718nam a2200193 a 4500 | ||
|---|---|---|---|
| 001 | 000025540 | ||
| 005 | 20200930023849.0 | ||
| 008 | 110217nuuuuuuuuag ad r 000 0 spa d | ||
| 040 |
_aDO-SdBNP _bspa _cBNPHU |
||
| 082 |
_axxxxxx _bR145h |
||
| 100 | 1 |
_aRagucci, Rodolfo _952198 |
|
| 245 | 1 | 3 |
_aEl habla de mi tierra : _blecciones práticas de lengua española / _cRodolfo Ragucci. |
| 250 | _a8a ed. | ||
| 260 |
_aBuenos Aires, Argentina : _bSociedad Editora Internacional, _c[19??]. |
||
| 300 |
_axxiv, 619 p. : _bil., diagrs. ; _c20 cm. |
||
| 500 | _aIncluye índice de materias. | ||
| 500 | _aIncluye índice alfabético de autores de los trozos transcritos. | ||
| 500 | _aIncluye índice de los vocabularios en serie. | ||
| 999 |
_c25032 _d25032 |
||